Pohjois-Savon kunnat - Äkkikuolema - Statistics

Yleistilastot
  • Tätä visaa on pelattu 345 kertaa
  • Keskiarvotulos 13 / 19
Answers on the Grid
Answers color-coded by a green-red scale on the quiz's grid according to % correct below.
Heinävesi
Iisalmi
Joroinen
Juuka
Juva
Jyväskylä
Kaavi
Keitele
Kiuruvesi
Konnevesi
Kuopio
Kärsämäki
Lapinlahti
Leppävirta
Liperi
Mikkeli
Outokumpu
Paltamo
Pieksämäki
Pielavesi
Pyhäntä
Rantasalmi
Rautalampi
Rautavaara
Riistavesi
Siilinjärvi
Sonkajärvi
Sukeva
Suonenjoki
Tervo
Tuusniemi
Varkaus
Varpaisjärvi
Vesanto
Vieremä
Äänekoski
 
Vastaustilastot
Vastaus % Oikein
Iisalmi
84%
Kuopio
81%
Kiuruvesi
74%
Lapinlahti
74%
Siilinjärvi
73%
Leppävirta
69%
Kaavi
68%
Vesanto
67%
Tuusniemi
66%
Pielavesi
65%
Rautalampi
65%
Suonenjoki
65%
Joroinen
64%
Varkaus
64%
Vieremä
64%
Keitele
60%
Rautavaara
59%
Sonkajärvi
59%
Tervo
53%
Ehtoja vastaavia visoja ei löytynyt
Tulosjakauma
Jokaisen tuloksen saaneiden osuus
Persentiili vastausten määrän mukaan
Tuloshistoriasi
Et ole pelannut tätä visaa